Fill In The Blank: TV Shows - Statistics

General Stats
  • This quiz has been taken 48 times
  • The average score is 7 of 10
Answer Stats
Hint Answer % Correct
Breaking ___ Bad
95%
Tom and _____ Jerry
95%
Paw ______ Patrol
95%
Orange is the new _____ Black
93%
Squid _____ Games
73%
Drake and ____ Josh
66%
Sam and ___ Cat
61%
Courage the Cowardly ___ Dog
59%
Fear ______ Factor
44%
Kenan and ___ Kel
41%
No matching quizzes found
Score Distribution
Percent of People with Each Score
Percentile by Number Answered
Your Score History
You have not taken this quiz